[Event "España tch 1A 2012"]
[Site "Don Benito ESP"]
[Date "2012.07.30"]
[Round "1.13"]
[White "Lariño Nieto, David"]
[Black "Matnadze, Ana"]
[Result "0-1"]
[WhiteElo "2469"]
[BlackElo "2422"]
[PlyCount "46"]
[EventDate "2012.07.30"]
[EventType "swiss"]
[EventRounds "9"]
[EventCountry "ESP"]
[Source "lmi"]
[SourceDate "2012.07.30"]

1. e4 c6 2. d4 g6 3. Nc3 d5 4. h4 h5 5. e5 Nh6 6. Bxh6 Bxh6 7. a4 Qb6 8. Nge2
a5 9. Ra3 Na6 10. Rb3 Nb4 11. Ng3 Qxd4 12. Bd3 Qxe5+ 13. Nce2 c5 14. Bb5+ Kf8
15. O-O c4 16. f4 Qf6 17. Rxb4 axb4 18. Qxd5 Qb6+ 19. Nd4 Be6 20. Qe4 Bg7 21.
Rd1 Bg4 22. Rd2 c3 23. bxc3 bxc3 0-1

[Event "España tch 1A 2012"]
[Site "Don Benito ESP"]
[Date "2012.07.30"]
[Round "1.21"]
[White "Pena Gomez, Manuel"]
[Black "Barbero Sendic, Alejandro"]
[Result "1-0"]
[WhiteElo "2408"]
[BlackElo "2370"]
[PlyCount "116"]
[EventDate "2012.07.30"]
[EventType "swiss"]
[EventRounds "9"]
[EventCountry "ESP"]
[Source "lmi"]
[SourceDate "2012.07.30"]

1. g3 Nf6 2. Bg2 g6 3. c4 Bg7 4. Nc3 e5 5. e3 O-O 6. Nge2 d6 7. O-O Re8 8. d4
c6 9. h3 h5 10. b4 e4 11. b5 Bf5 12. bxc6 Nxc6 13. Rb1 b6 14. Qa4 Qd7 15. Kh2
Rac8 16. Rb5 Na5 17. c5 dxc5 18. dxc5 Rxc5 19. Rxc5 Qxa4 20. Nxa4 bxc5 21. Nxc5
Rc8 22. Nb3 Rc2 23. Nbd4 Rc4 24. Rd1 Bd7 25. Bd2 Nc6 26. Nxc6 Bxc6 27. Nd4 Bd5
28. a3 Bf8 29. Bf1 Ra4 30. Bc3 Be7 31. Bb2 Ra5 32. Bb5 a6 33. Nc6 Bxc6 34. Bxc6
Kf8 35. a4 Rc5 36. Rc1 Rf5 37. Kg2 a5 38. Bb7 Bd6 39. Rc4 Ke7 40. Bc3 Nd5 41.
Rxe4+ Kd7 42. Be1 Nb4 43. Rc4 Re5 44. Bc3 Rc5 45. Rxc5 Bxc5 46. Be4 Bb6 47. g4
hxg4 48. hxg4 Kd6 49. Kf3 Bd8 50. Bd4 Nc6 51. Bxc6 Kxc6 52. Ke4 Kd6 53. f4 Ke6
54. f5+ gxf5+ 55. gxf5+ Kd6 56. Kd3 Kc6 57. Kc4 Bc7 58. e4 Bd8 1-0

[Event "España tch 1A 2012"]
[Site "Don Benito ESP"]
[Date "2012.07.30"]
[Round "1.23"]
[White "Guerra Bastida, Diego"]
[Black "Martinez Lopez, Ivan"]
[Result "1-0"]
[WhiteElo "2397"]
[BlackElo "2302"]
[PlyCount "151"]
[EventDate "2012.07.30"]
[EventType "swiss"]
[EventRounds "9"]
[EventCountry "ESP"]
[Source "lmi"]
[SourceDate "2012.07.30"]

1. c4 Nf6 2. Nc3 e6 3. e4 d5 4. e5 d4 5. exf6 dxc3 6. bxc3 Qxf6 7. Nf3 Bd6 8.
d4 h6 9. Bd3 O-O 10. O-O Nd7 11. Qe2 Re8 12. Qe4 Nf8 13. c5 Be7 14. Ne5 Qh4 15.
f4 f5 16. Qe2 c6 17. Rb1 Bf6 18. Nc4 Rd8 19. Bd2 Be7 20. Rfe1 Qf6 21. Kh1 Rb8
22. Na5 Bd7 23. Nxb7 Re8 24. Nd6 Bxd6 25. cxd6 Rb6 26. Be3 Reb8 27. Rxb6 axb6
28. Rb1 Qd8 29. c4 Be8 30. c5 b5 31. Bf2 Bf7 32. Qf3 Rc8 33. Bc2 Qa5 34. Bb3
Be8 35. Bh4 Bd7 36. Be7 Ng6 37. Qe3 Kf7 38. Qd3 Nxe7 39. dxe7 Kxe7 40. Qe3 Qc7
41. Re1 Kf8 42. h3 Re8 43. Qf3 Qa5 44. Qe3 Qc7 45. Qd2 Kf7 46. Re5 g6 47. g4
Kg7 48. Qe3 fxg4 49. hxg4 Qd8 50. g5 hxg5 51. Rxg5 Qf6 52. Kg2 Rh8 53. Qe5 Qxe5
54. dxe5 Rh4 55. Kf3 Rh3+ 56. Ke4 Rc3 57. Rg1 Kf7 58. Rh1 Ke7 59. Rh7+ Ke8 60.
Rg7 Rxc5 61. Rxg6 Ke7 62. Rg7+ Kd8 63. f5 exf5+ 64. Kf4 Rc1 65. e6 Be8 66. Kxf5
Re1 67. Kf6 c5 68. Ra7 Bc6 69. e7+ Kc8 70. Be6+ Kb8 71. Ra6 Be8 72. Rd6 Kb7 73.
Rd8 Bc6 74. Bd5 Bxd5 75. Rxd5 Kc6 76. Rd8 1-0

[Event "España tch 1A 2012"]
[Site "Don Benito ESP"]
[Date "2012.07.30"]
[Round "1.24"]
[White "Coll Ortega, Jordi"]
[Black "Rodriguez Lopez, Rafael"]
[Result "1-0"]
[WhiteElo "2293"]
[BlackElo "2244"]
[PlyCount "63"]
[EventDate "2012.07.30"]
[EventType "swiss"]
[EventRounds "9"]
[EventCountry "ESP"]
[Source "lmi"]
[SourceDate "2012.07.30"]

1. e4 c5 2. Nf3 d6 3. d4 cxd4 4. Nxd4 Nf6 5. Nc3 a6 6. Bc4 e6 7. Bb3 Nbd7 8.
Bg5 Nc5 9. f4 Be7 10. Qf3 Qc7 11. O-O-O b5 12. Bxf6 Bxf6 13. Kb1 O-O 14. g4 Bd7
15. g5 Be7 16. Rhg1 b4 17. Nce2 a5 18. f5 a4 19. Bc4 Nxe4 20. f6 Qxc4 21. fxe7
Rfc8 22. Qxe4 e5 23. Qd3 exd4 24. Qxc4 Rxc4 25. Nxd4 Re8 26. Rge1 Bg4 27. Nb5
Bxd1 28. Nxd6 Bxc2+ 29. Ka1 f5 30. Nxe8 Re4 31. Rxe4 Bxe4 32. Nf6+ 1-0

[Event "España tch 1A 2012"]
[Site "Don Benito ESP"]
[Date "2012.07.31"]
[Round "2.11"]
[White "Quesada Perez, Yuniesky"]
[Black "Andres Gonzalez, Alberto"]
[Result "1/2-1/2"]
[WhiteElo "2626"]
[BlackElo "2535"]
[PlyCount "76"]
[EventDate "2012.07.30"]
[EventType "swiss"]
[EventRounds "9"]
[EventCountry "ESP"]
[Source "lmi"]
[SourceDate "2012.07.30"]

1. e4 e6 2. d4 d5 3. Nc3 h6 4. Nf3 Nf6 5. Bd3 Bb4 6. e5 Ne4 7. Bd2 Nxd2 8. Qxd2
c5 9. a3 Qa5 10. O-O Bxc3 11. bxc3 Nc6 12. dxc5 Qxc5 13. Rfe1 Bd7 14. Re3 Rc8
15. a4 a6 16. Bf1 O-O 17. Ra2 f5 18. Rb2 f4 19. Re1 Na5 20. c4 Nxc4 21. Bxc4
Qxc4 22. Rxb7 Qxa4 23. Nd4 Rc4 24. c3 Bc8 25. Rb6 Qa5 26. Reb1 Qxc3 27. Qxc3
Rxc3 28. Nxe6 Rf5 29. Rd6 Bxe6 30. Rxe6 Kf7 31. Rxa6 Rxe5 32. h4 Rc7 33. Rb4
Re4 34. Rxe4 dxe4 35. Ra4 Rc1+ 36. Kh2 Re1 37. f3 exf3 38. Rxf4+ Kg6 1/2-1/2

[Event "España tch 1A 2012"]
[Site "Don Benito ESP"]
[Date "2012.07.31"]
[Round "2.12"]
[White "Recuero Guerra, David"]
[Black "Narciso Dublan, Marc"]
[Result "1/2-1/2"]
[WhiteElo "2467"]
[BlackElo "2539"]
[PlyCount "46"]
[EventDate "2012.07.30"]
[EventType "swiss"]
[EventRounds "9"]
[EventCountry "ESP"]
[Source "lmi"]
[SourceDate "2012.07.30"]

1. c4 e6 2. Nf3 Nf6 3. g3 d5 4. Bg2 g6 5. O-O Bg7 6. d4 O-O 7. Qc2 Na6 8. Rd1
b6 9. a3 c5 10. Nc3 Bb7 11. cxd5 exd5 12. Bf4 Qe7 13. Rac1 Rfd8 14. Be5 cxd4
15. Bxd4 Nc5 16. e3 h6 17. b4 Ne6 18. Be5 Rac8 19. Qb2 Ng5 20. Bd4 Ne6 21. Be5
Ng5 22. Bd4 Ne6 23. Be5 Ng5 1/2-1/2

[Event "España tch 1A 2012"]
[Site "Don Benito ESP"]
[Date "2012.07.31"]
[Round "2.13"]
[White "Matnadze, Ana"]
[Black "Llaneza Vega, Marcos"]
[Result "0-1"]
[WhiteElo "2422"]
[BlackElo "2424"]
[PlyCount "86"]
[EventDate "2012.07.30"]
[EventType "swiss"]
[EventRounds "9"]
[EventCountry "ESP"]
[Source "lmi"]
[SourceDate "2012.07.30"]

1. e4 c5 2. Nc3 Nc6 3. f4 g6 4. Nf3 Bg7 5. Bc4 Nh6 6. d3 O-O 7. O-O Nd4 8. Ng5
e6 9. e5 d5 10. exd6 Nhf5 11. Nge4 b6 12. g4 Nxd6 13. Nxd6 Qxd6 14. Ne4 Qc6 15.
a4 f5 16. gxf5 gxf5 17. Ng3 Bb7 18. Rf2 Rf6 19. Kf1 Rg6 20. Ke1 Kh8 21. c3 Nf3+
22. Rxf3 Qxf3 23. Qxf3 Bxf3 24. Be3 Bc6 25. Bb5 Bd5 26. a5 Rh6 27. Bg1 Rh4 28.
Bc4 Bxc4 29. dxc4 Rd8 30. axb6 axb6 31. Ra6 Rb8 32. Ne2 e5 33. Ng3 Rxf4 34. Be3
Rf3 35. Bg5 e4 36. Ra7 Rg8 37. Bh4 f4 38. Nf5 Rh3 39. Be7 Rxh2 40. Kf1 e3 41.
Nxg7 Kxg7 42. Bxc5+ Kh6 43. Bxb6 Rf2+ 0-1

[Event "España tch 1A 2012"]
[Site "Don Benito ESP"]
[Date "2012.07.31"]
[Round "2.14"]
[White "Suarez Real, Alberto"]
[Black "Alonso Moyano, Jonathan"]
[Result "1-0"]
[WhiteElo "2400"]
[BlackElo "2417"]
[PlyCount "65"]
[EventDate "2012.07.30"]
[EventType "swiss"]
[EventRounds "9"]
[EventCountry "ESP"]
[Source "lmi"]
[SourceDate "2012.07.30"]

1. e4 c5 2. Nf3 d6 3. d4 cxd4 4. Nxd4 Nf6 5. Nc3 a6 6. Bg5 Nbd7 7. f4 e5 8. Nf5
Qb6 9. Qd2 Qxb2 10. Rb1 Qa3 11. Be2 h6 12. Bh4 exf4 13. O-O Qc5+ 14. Bf2 Qc7
15. Bd4 Ne5 16. Rxf4 Be6 17. Kh1 Rc8 18. Rbf1 Nfd7 19. Ne3 Be7 20. Ned5 Bxd5
21. Nxd5 Qxc2 22. Qb4 b5 23. Bg4 Rc4 24. Bxd7+ Nxd7 25. Qa5 Bd8 26. Qxa6 Rxd4
27. Rxf7 Rd1 28. Qxd6 Rxf1+ 29. Rxf1 Qxe4 30. Qc6 Qg4 31. h3 Qg5 32. Qe6+ Be7
33. Rf7 1-0

[Event "España tch 1A 2012"]
[Site "Don Benito ESP"]
[Date "2012.07.31"]
[Round "2.21"]
[White "Barbero Sendic, Alejandro"]
[Black "Illescas Cordoba, Miguel"]
[Result "0-1"]
[WhiteElo "2370"]
[BlackElo "2601"]
[PlyCount "70"]
[EventDate "2012.07.30"]
[EventType "swiss"]
[EventRounds "9"]
[EventCountry "ESP"]
[Source "lmi"]
[SourceDate "2012.07.30"]

1. e4 c6 2. d4 d5 3. f3 e6 4. Nc3 b6 5. Bf4 Bd6 6. Nge2 Ba6 7. Qd2 Ne7 8. O-O-O
O-O 9. h4 Bxf4 10. Qxf4 Nd7 11. h5 h6 12. g4 Kh8 13. g5 hxg5 14. Qxg5 Ng8 15.
Qg3 Bxe2 16. Nxe2 Nh6 17. Bh3 Rg8 18. Rdg1 Nf8 19. Qf4 c5 20. e5 Qc7 21. Rg2
Nd7 22. Rg5 Nf8 23. Rhg1 Nh7 24. R5g2 Qc6 25. Kb1 a5 26. Qd2 cxd4 27. Nf4 Nf8
28. Qxd4 b5 29. Qd2 b4 30. Nd3 Nd7 31. Rg5 Qb6 32. Nf4 Nxe5 33. Qe2 Nc4 34. Nd3
Qd4 35. f4 a4 0-1

[Event "España tch 1A 2012"]
[Site "Don Benito ESP"]
[Date "2012.07.31"]
[Round "2.22"]
[White "Korneev, Oleg"]
[Black "Trepat Herranz, Joan"]
[Result "1-0"]
[WhiteElo "2577"]
[BlackElo "2299"]
[PlyCount "91"]
[EventDate "2012.07.30"]
[EventType "swiss"]
[EventRounds "9"]
[EventCountry "ESP"]
[Source "lmi"]
[SourceDate "2012.07.30"]

1. e4 c6 2. d4 d5 3. Nc3 dxe4 4. Nxe4 Bf5 5. Ng3 Bg6 6. h4 h6 7. Nf3 Nd7 8. h5
Bh7 9. Bd3 Bxd3 10. Qxd3 e6 11. Bd2 Ngf6 12. O-O-O Be7 13. Kb1 O-O 14. Ne4 Nxe4
15. Qxe4 Nf6 16. Qe2 Qd5 17. Ne5 Qe4 18. Qxe4 Nxe4 19. Be1 Rfd8 20. f3 Nf6 21.
Bf2 Nd7 22. c4 Rac8 23. b3 Bd6 24. Nd3 Kf8 25. Rhe1 b6 26. g4 c5 27. Bh4 Be7
28. Bxe7+ Kxe7 29. d5 Kf6 30. Nf4 Nf8 31. Re4 Rd6 32. Rde1 Rcd8 33. Kc2 Ke7 34.
R1e2 Nh7 35. dxe6 Ng5 36. R4e3 Nxe6 37. Kc3 Kd7 38. Nd5 Kc6 39. f4 R8d7 40. Re1
Nd4 41. f5 b5 42. Re8 bxc4 43. bxc4 Rd8 44. R1e7 Nb5+ 45. cxb5+ Kxd5 46. Re5#
1-0

[Event "España tch 1A 2012"]
[Site "Don Benito ESP"]
[Date "2012.07.31"]
[Round "2.23"]
[White "Martinez Lopez, Ivan"]
[Black "Cabrera Trujillo, Jorge Juan"]
[Result "0-1"]
[WhiteElo "2302"]
[BlackElo "2364"]
[PlyCount "43"]
[EventDate "2012.07.30"]
[EventType "swiss"]
[EventRounds "9"]
[EventCountry "ESP"]
[Source "lmi"]
[SourceDate "2012.07.30"]

1. c4 Nf6 2. g3 c6 3. Bg2 d5 4. b3 Bf5 5. Nf3 Nbd7 6. Bb2 e6 7. O-O Be7 8. d3
O-O 9. h3 h6 10. Nbd2 a5 11. a3 Re8 12. Re1 Bh7 13. Rc1 Qb6 14. Qc2 Bc5 15. e3
Rad8 16. Qc3 Bf8 17. d4 Bb4 18. axb4 axb4 19. c5 Qb5 20. Bf1 bxc3 21. Bxb5 cxb2
22. Nb1 0-1

[Event "España tch 1A 2012"]
[Site "Don Benito ESP"]
[Date "2012.07.31"]
[Round "2.31"]
[White "Rakhmanov, Aleksandr"]
[Black "Pena Gomez, Manuel"]
[Result "1-0"]
[WhiteElo "2588"]
[BlackElo "2408"]
[PlyCount "133"]
[EventDate "2012.07.30"]
[EventType "swiss"]
[EventRounds "9"]
[EventCountry "ESP"]
[Source "lmi"]
[SourceDate "2012.07.30"]

1. c4 c5 2. Nf3 Nf6 3. g3 Nc6 4. Bg2 e5 5. Nc3 d6 6. d3 Be7 7. O-O O-O 8. Ne1
Rb8 9. Nc2 Nd4 10. e3 Nxc2 11. Qxc2 Be6 12. f4 a6 13. b3 b5 14. f5 Bd7 15. Qe2
b4 16. Nd1 Be8 17. g4 h6 18. Nf2 Nh7 19. a3 Qc8 20. Bd2 bxa3 21. Rxa3 Bc6 22.
Ne4 Nf6 23. Nc3 Bxg2 24. Qxg2 Qb7 25. e4 Nh7 26. Nd5 Bg5 27. Bxg5 hxg5 28. h4
f6 29. h5 Rfd8 30. Qa2 Nf8 31. Ra1 Kf7 32. Qh2 Ra8 33. h6 Kg8 34. hxg7 Kxg7 35.
Kg2 Nd7 36. Qh5 Rg8 37. Rh1 Kf8 38. Kf3 Rg7 39. Ke3 Qb8 40. Ra2 Kg8 41. Qh8+
Kf7 42. Qh5+ Kg8 43. Ne7+ Kf8 44. Ng6+ Kg8 45. Rah2 Nf8 46. Qh8+ Kf7 47. Ne7
Qd8 48. Nd5 Rg8 49. Rh7+ Nxh7 50. Rxh7+ Kf8 51. Qxf6+ Qxf6 52. Nxf6 a5 53. Nd7+
Ke8 54. Nf6+ Kf8 55. Nxg8 Kxg8 56. Rd7 Ra6 57. Kd2 Kf8 58. Kc3 Kg8 59. Kb2 Kf8
60. Ka3 Kg8 61. Ka4 Rb6 62. Ra7 Kf8 63. Rh7 Rb4+ 64. Ka3 a4 65. bxa4 Rb1 66.
Rd7 Ra1+ 67. Kb2 1-0

[Event "España tch 1A 2012"]
[Site "Don Benito ESP"]
[Date "2012.07.31"]
[Round "2.32"]
[White "Garcia Castro, Pablo"]
[Black "Moskalenko, Viktor"]
[Result "0-1"]
[WhiteElo "2393"]
[BlackElo "2523"]
[PlyCount "80"]
[EventDate "2012.07.30"]
[EventType "swiss"]
[EventRounds "9"]
[EventCountry "ESP"]
[Source "lmi"]
[SourceDate "2012.07.30"]

1. e4 c5 2. d3 Nc6 3. Nf3 g6 4. Be2 Bg7 5. c3 d6 6. O-O Nf6 7. Nbd2 O-O 8. a3
Qc7 9. Re1 Nd7 10. Nb3 b5 11. Bg5 a5 12. d4 c4 13. d5 cxb3 14. dxc6 Nc5 15.
Bxb5 a4 16. Qe2 Ra5 17. c4 Bg4 18. Qd2 Bxf3 19. gxf3 Rb8 20. Rad1 Ne6 21. Be3
Raxb5 22. cxb5 Rxb5 23. Rc1 g5 24. Rc4 Be5 25. Rec1 Nf4 26. Rb4 Rxb4 27. Qxb4
Ne2+ 28. Kg2 Nxc1 29. Qb7 d5 30. Qxc7 Bxc7 31. Bxc1 d4 32. Bxg5 f6 33. Bd2 Kf7
34. f4 Ke6 35. Kf3 Kd6 36. Bb4+ Kxc6 37. Bxe7 Ba5 38. Ke2 Bc3 39. Kd3 Bxb2 40.
Bxf6 Bc3 0-1

[Event "España tch 1A 2012"]
[Site "Don Benito ESP"]
[Date "2012.07.31"]
[Round "2.33"]
[White "Lariño Nieto, David"]
[Black "Guerra Bastida, Diego"]
[Result "1-0"]
[WhiteElo "2469"]
[BlackElo "2397"]
[PlyCount "116"]
[EventDate "2012.07.30"]
[EventType "swiss"]
[EventRounds "9"]
[EventCountry "ESP"]
[Source "lmi"]
[SourceDate "2012.07.30"]

1. e4 c5 2. Nc3 a6 3. a4 e6 4. g3 d5 5. d3 dxe4 6. Nxe4 Nd7 7. Bg2 Ngf6 8. Nf3
Be7 9. O-O O-O 10. Qe2 Nd5 11. b3 N7f6 12. Bb2 Nxe4 13. dxe4 Bf6 14. Bxf6 Nxf6
15. Rfd1 Qc7 16. e5 Nd5 17. Qd3 h6 18. c4 Nb4 19. Qd6 Qxd6 20. exd6 Rd8 21. Ne5
f6 22. Nd3 Nxd3 23. Rxd3 e5 24. Rd2 Rb8 25. f4 exf4 26. gxf4 Bf5 27. Re1 Rd7
28. Rd5 g6 29. h4 b6 30. h5 Rbd8 31. hxg6 Bxg6 32. f5 Bf7 33. Re6 Kg7 34. Kf2
a5 35. Kg3 Re8 36. Bh3 Red8 37. Kh4 h5 38. Kg3 Kg8 39. Kf4 Kg7 40. Ke4 Bg8 41.
Ke3 Bf7 42. Kf4 Bg8 43. Bg2 Bf7 44. Bf3 Re8 45. Rxe8 Bxe8 46. Rd2 Rd8 47. Bb7
Kf8 48. Ba6 Bc6 49. Bb5 Bxb5 50. axb5 Kf7 51. Ke4 Ke8 52. Kd5 Kd7 53. Rg2 Rh8
54. Rg7+ Kc8 55. Kc6 h4 56. Rc7+ Kb8 57. Rb7+ Ka8 58. Re7 Kb8 1-0

[Event "España tch 1A 2012"]
[Site "Don Benito ESP"]
[Date "2012.08.01"]
[Round "3.12"]
[White "Narciso Dublan, Marc"]
[Black "Garcia Castro, Pablo"]
[Result "0-1"]
[WhiteElo "2539"]
[BlackElo "2393"]
[PlyCount "88"]
[EventDate "2012.07.30"]
[EventType "swiss"]
[EventRounds "9"]
[EventCountry "ESP"]
[Source "lmi"]
[SourceDate "2012.07.30"]

1. d4 Nf6 2. c4 c5 3. d5 e5 4. Nc3 d6 5. e4 Be7 6. g3 Nbd7 7. Bg2 O-O 8. Nge2
a6 9. O-O b5 10. cxb5 Qa5 11. a4 c4 12. Ra3 Nc5 13. Bd2 Bd7 14. Qc2 Nb3 15. Nb1
Nxd2 16. Nxd2 axb5 17. axb5 Qxb5 18. Rxa8 Rxa8 19. Nxc4 h5 20. h3 g6 21. b3 Qb4
22. Nc3 Ne8 23. Rb1 Bd8 24. Na2 Qb8 25. Nc1 Qc8 26. Kh2 Bb6 27. Qd2 Bd4 28. f4
h4 29. g4 Bb5 30. Ne2 Bf2 31. Rf1 Qc5 32. fxe5 Bxc4 33. bxc4 dxe5 34. Qg5 Ra2
35. Nc1 Bg3+ 36. Kh1 Rf2 37. Rg1 Qxc4 38. Qe3 Rc2 39. Nd3 Nd6 40. Rd1 Qc3 41.
Qf3 Rd2 42. Rxd2 Qxd2 43. Qf1 Nxe4 44. Qf3 Qxd3 0-1

[Event "España tch 1A 2012"]
[Site "Don Benito ESP"]
[Date "2012.08.01"]
[Round "3.13"]
[White "Guerra Bastida, Diego"]
[Black "Matnadze, Ana"]
[Result "1-0"]
[WhiteElo "2397"]
[BlackElo "2422"]
[PlyCount "103"]
[EventDate "2012.07.30"]
[EventType "swiss"]
[EventRounds "9"]
[EventCountry "ESP"]
[Source "lmi"]
[SourceDate "2012.07.30"]

1. c4 Nf6 2. Nc3 e6 3. Nf3 b6 4. g3 Bb7 5. Bg2 g6 6. O-O Bg7 7. d4 O-O 8. d5
exd5 9. cxd5 Re8 10. Re1 d6 11. Nd4 Nbd7 12. Nc6 Bxc6 13. dxc6 Nc5 14. Bg5 h6
15. Bxf6 Bxf6 16. Qc2 Bxc3 17. Qxc3 a5 18. Bd5 Qg5 19. e4 Qe5 20. Qd2 Kg7 21.
Re3 Rad8 22. f4 Qf6 23. Rf1 Re7 24. b3 b5 25. a3 a4 26. b4 Nb3 27. Qe2 Qd4 28.
Rd1 Qb6 29. Kh1 f6 30. Red3 Rde8 31. Qg4 h5 32. Qf3 f5 33. Re1 fxe4 34. Rxe4
Rxe4 35. Bxe4 d5 36. Bxd5 Re1+ 37. Kg2 Qg1+ 38. Kh3 Nc1 39. Rd2 Re3 40. Qh1
Qxh1 41. Bxh1 Rxa3 42. Rd7+ Kh6 43. Bd5 Nd3 44. Kh4 Ne1 45. Rxc7 Rc3 46. Re7
Rc2 47. Kh3 Nd3 48. c7 a3 49. Bb3 Rc3 50. Kh4 g5+ 51. fxg5+ Kg6 52. Bg8 1-0

[Event "España tch 1A 2012"]
[Site "Don Benito ESP"]
[Date "2012.08.01"]
[Round "3.14"]
[White "Alonso Moyano, Jonathan"]
[Black "Rodriguez Lopez, Rafael"]
[Result "1-0"]
[WhiteElo "2417"]
[BlackElo "2244"]
[PlyCount "117"]
[EventDate "2012.07.30"]
[EventType "swiss"]
[EventRounds "9"]
[EventCountry "ESP"]
[Source "lmi"]
[SourceDate "2012.07.30"]

1. e4 e5 2. Nf3 Nc6 3. d4 exd4 4. Nxd4 Bb4+ 5. c3 Bc5 6. Nxc6 bxc6 7. Bd3 Ne7
8. Qh5 d6 9. Nd2 Ng6 10. Nf3 Qf6 11. Bg5 Nf4 12. Bxf6 Nxh5 13. Bg5 h6 14. Bd2
O-O 15. Nd4 Bd7 16. O-O Nf6 17. Rfe1 Rfe8 18. f3 Bb6 19. Kh1 d5 20. e5 Nh7 21.
f4 c5 22. Nf3 c4 23. Bc2 c5 24. Nh4 Rab8 25. b3 cxb3 26. axb3 c4 27. bxc4 dxc4
28. Nf5 Bf2 29. Reb1 Rxb1+ 30. Rxb1 Bxf5 31. Bxf5 Rd8 32. Rb2 Nf8 33. g3 Ne6
34. Kg2 Bb6 35. Kf3 Nc5 36. Be3 Na4 37. Bxb6 axb6 38. Rb4 Nxc3 39. Rxc4 Nb5 40.
Ke3 g6 41. Bd3 Kg7 42. Rc6 Nd4 43. Rxb6 Ne6 44. Bc4 Nf8 45. g4 Rd7 46. f5 gxf5
47. gxf5 Ra7 48. Bd3 Nd7 49. f6+ Kg8 50. Rd6 Nf8 51. Rd8 Ra2 52. h3 Ra3 53. Kd4
Ra7 54. Re8 h5 55. Bc4 h4 56. e6 fxe6 57. Bxe6+ Kh7 58. Rxf8 Kg6 59. Ke4 1-0

[Event "España tch 1A 2012"]
[Site "Don Benito ESP"]
[Date "2012.08.01"]
[Round "3.21"]
[White "Illescas Cordoba, Miguel"]
[Black "Rakhmanov, Aleksandr"]
[Result "1/2-1/2"]
[WhiteElo "2601"]
[BlackElo "2588"]
[PlyCount "117"]
[EventDate "2012.07.30"]
[EventType "swiss"]
[EventRounds "9"]
[EventCountry "ESP"]
[Source "lmi"]
[SourceDate "2012.07.30"]

1. c4 Nf6 2. Nc3 d5 3. cxd5 Nxd5 4. g3 Nxc3 5. bxc3 g6 6. Bg2 Bg7 7. Rb1 c6 8.
Nf3 Nd7 9. O-O O-O 10. Qa4 Nb6 11. Qc2 Qc7 12. c4 c5 13. Bb2 e5 14. d3 Bd7 15.
Bc3 Na4 16. Bd2 Rab8 17. Be3 Bc6 18. Ng5 Bxg2 19. Kxg2 Qc6+ 20. Kg1 a6 21. Rfc1
h6 22. Nf3 f5 23. Bd2 Kh7 24. Ne1 b5 25. a3 Rfc8 26. Ng2 Nb6 27. Ne3 f4 28. Ng2
fxg3 29. hxg3 e4 30. Bc3 exd3 31. exd3 Nd7 32. Bxg7 Kxg7 33. Re1 Re8 34. cxb5
axb5 35. Qb2+ Qf6 36. Rxe8 Qxb2 37. Rxb2 Rxe8 38. Rxb5 Ne5 39. Ne1 c4 40. Rd5
cxd3 41. Nxd3 Nxd3 42. Rxd3 Re2 43. Kg2 Ra2 44. Kf3 Kf6 45. Ke3 Kf5 46. f3 h5
47. Rd5+ Kf6 48. Rd3 Kf5 49. Rb3 g5 50. Rb5+ Kf6 51. Rb6+ Kf5 52. Ra6 Rg2 53.
Rh6 Ra2 54. Rxh5 Rxa3+ 55. Kf2 Ra2+ 56. Kg1 Ra1+ 57. Kg2 Ra2+ 58. Kh3 Ra1 59.
Kg2 1/2-1/2

[Event "España tch 1A 2012"]
[Site "Don Benito ESP"]
[Date "2012.08.01"]
[Round "3.22"]
[White "Moskalenko, Viktor"]
[Black "Korneev, Oleg"]
[Result "1/2-1/2"]
[WhiteElo "2523"]
[BlackElo "2577"]
[PlyCount "60"]
[EventDate "2012.07.30"]
[EventType "swiss"]
[EventRounds "9"]
[EventCountry "ESP"]
[Source "lmi"]
[SourceDate "2012.07.30"]

1. d4 d5 2. c4 e6 3. Nc3 Be7 4. cxd5 exd5 5. Bf4 Nf6 6. e3 Bf5 7. Nge2 O-O 8.
Ng3 Be6 9. Bd3 c5 10. dxc5 Bxc5 11. O-O Nc6 12. Rc1 d4 13. Nce4 Be7 14. Nxf6+
Bxf6 15. e4 Rc8 16. a3 Be5 17. Rxc6 Bxf4 18. Rxc8 Bxc8 19. Ne2 Bc7 20. Qd2 Be6
21. Rc1 Qd6 22. g3 Bb6 23. Nf4 Bd7 24. Nd5 Rc8 25. Rxc8+ Bxc8 26. Nxb6 axb6 27.
Qf4 Qc5 28. Qb8 g6 29. Kg2 Kg7 30. h4 h5 1/2-1/2

[Event "España tch 1A 2012"]
[Site "Don Benito ESP"]
[Date "2012.08.01"]
[Round "3.23"]
[White "Fernandez Garcia, Jose Luis"]
[Black "Lariño Nieto, David"]
[Result "1/2-1/2"]
[WhiteElo "2419"]
[BlackElo "2469"]
[PlyCount "88"]
[EventDate "2012.07.30"]
[EventType "swiss"]
[EventRounds "9"]
[EventCountry "ESP"]
[Source "lmi"]
[SourceDate "2012.07.30"]

1. e4 c6 2. c4 g6 3. Nc3 Bg7 4. d4 d6 5. f4 e5 6. dxe5 dxe5 7. Qxd8+ Kxd8 8.
fxe5 Nd7 9. e6 fxe6 10. Nf3 Nh6 11. Be2 Nf7 12. O-O Ke7 13. Be3 b6 14. Rad1 Bb7
15. c5 Nxc5 16. Bxc5+ bxc5 17. Na4 Rad8 18. Nxc5 Bc8 19. Ba6 Bxa6 20. Nxa6 Bxb2
21. Rb1 Ba3 22. e5 c5 23. Rb3 Bb4 24. Nxb4 cxb4 25. Rxb4 Rd7 26. Rc1 Rhd8 27.
Kf2 g5 28. h4 gxh4 29. Rxh4 h6 30. Rb4 Rf8 31. Ke3 Rg8 32. g4 Rgd8 33. Rc3 Ng5
34. Nxg5 hxg5 35. Rcb3 Rh8 36. Rb7 Rh3+ 37. Ke4 Rh4 38. Rxd7+ Kxd7 39. Rg3 Kc6
40. Kd4 a6 41. Rc3+ Kb6 42. Rb3+ Kc6 43. Rc3+ Kd7 44. Rg3 Kc6 1/2-1/2

[Event "España tch 1A 2012"]
[Site "Don Benito ESP"]
[Date "2012.08.01"]
[Round "3.24"]
[White "Gual Pascual, Antonio"]
[Black "Cabrera Trujillo, Jorge Juan"]
[Result "1-0"]
[WhiteElo "2459"]
[BlackElo "2364"]
[PlyCount "43"]
[EventDate "2012.07.30"]
[EventType "swiss"]
[EventRounds "9"]
[EventCountry "ESP"]
[Source "lmi"]
[SourceDate "2012.07.30"]

1. d4 d5 2. c4 c6 3. cxd5 cxd5 4. Nc3 Nf6 5. Bf4 Nc6 6. e3 a6 7. Rc1 Bf5 8. Nf3
Rc8 9. Ne5 Qb6 10. Bd3 Bxd3 11. Qxd3 Qxb2 12. O-O e6 13. Na4 Qa3 14. Nb6 Rc7
15. Qb1 Bb4 16. Nec4 dxc4 17. Nxc4 Qa4 18. Bxc7 Nd5 19. Nb6 Nxb6 20. Bxb6 Qb5
21. Bc5 Kd7 22. Qe4 1-0

[Event "España tch 1A 2012"]
[Site "Don Benito ESP"]
[Date "2012.08.01"]
[Round "3.31"]
[White "Andres Gonzalez, Alberto"]
[Black "Barbero Sendic, Alejandro"]
[Result "1-0"]
[WhiteElo "2535"]
[BlackElo "2370"]
[PlyCount "99"]
[EventDate "2012.07.30"]
[EventType "swiss"]
[EventRounds "9"]
[EventCountry "ESP"]
[Source "lmi"]
[SourceDate "2012.07.30"]

1. Nf3 Nf6 2. c4 e6 3. g3 d5 4. Bg2 g6 5. O-O Bg7 6. d4 O-O 7. Nc3 b6 8. Ne5
Bb7 9. Qa4 Ne4 10. Rd1 f6 11. Nd3 Nxc3 12. bxc3 Bc6 13. Qb3 dxc4 14. Qxc4 Bd5
15. Qa4 Bxg2 16. Kxg2 Qd7 17. Qb3 Re8 18. Nf4 c6 19. e4 Qf7 20. Qa4 b5 21. Qb3
g5 22. Nd3 Nd7 23. c4 a6 24. cxb5 axb5 25. Be3 Qg6 26. f3 Nb6 27. Nc5 Nc4 28.
a4 g4 29. axb5 gxf3+ 30. Kxf3 Qh5+ 31. Kg2 Qe2+ 32. Bf2 cxb5 33. Re1 Qb2 34.
Qxb2 Nxb2 35. Rab1 Na4 36. Rxb5 Nxc5 37. dxc5 Ra2 38. Rd1 f5 39. Rb4 fxe4 40.
Rxe4 Rf8 41. Rf4 Rxf4 42. gxf4 Rc2 43. Kf3 Bf8 44. Be3 Kf7 45. Rd7+ Kg6 46. h3
Rc3 47. Rc7 Rc4 48. Ke2 Bh6 49. Kd3 Ra4 50. f5+ 1-0